Представление документа в формате MARC21

Поле Инд. ПП Название Значение
Тип записи a
Библиографический уровень b
001 Контрольный номер UNIDUBNAe3a53cb11e834bddbdbbff0dfb65db02
005 Дата корректировки 20230203112431.7
008 Кодируемые данные 20170331
040 b Код языка каталог. rus
e Правила каталог. PSBO
041 0_ a Код языка текста rus
084 a Индекс другой классификации/Индекс ББК 67.400.12
100 1_ a Автор Поляков С. Б.
q Полное имя Поляков Сергей Борисович
245 10 a Заглавие Правовая неопределенность из-за непоследовательной позиции Конституционного Суда РФ в отношении пробелов в праве
520 0_ a Аннотация В статье рассмотрены решения Конституционного Суда Российской Федерации, в которых он, констатируя наличие пробелов в законе, избирает противоречащие друг другу способы устранения таких пробелов. В одних решениях Конституционный Суд прямо указывает законодателю на необходимость внесения изменений и дополнений в закон, в других толкованием законодательства фактически изменяет норму права. Также сложно спрогнозировать, в каких ситуациях Конституционный Суд примет к рассмотрению заявление о неконституционности закона из-за наличия в нем пробелов. Для соответствующих случаев автор предлагает обеспечивающие правовую определенность алгоритмы решений Конституционного Суда РФ по заявлениям о неконституционности закона из-за наличия в нем пробелов
650 14 a Основная рубрика конституционное право (государственное право)
a Основная рубрика право
653 0_ a Ключевые слова Конституционный Суд РФ
a Ключевые слова нормы права
a Ключевые слова органы конституционного контроля
a Ключевые слова правовая определенность
a Ключевые слова пробелы в законодательстве
a Ключевые слова толкование права
773 08 t Заглавие источника Российская юстиция
d Дата издания источника 2021
g Прочая информация № 5. - С. 32 - 39
w Контрольный № источника 7fe8f1301f51420c9d79fa9c7e9a2e7e
901 t Тип документа b